[Event "Voronezh op-A 13th"]
[Site "Voronezh"]
[Date "2009.06.20"]
[Round "9"]
[White "Khashimov, Vasily"]
[Black "Gorshkov, Yuri"]
[Result "0-1"]
[WhiteElo "2204"]
[BlackElo "2380"]
[PlyCount "87"]
[EventDate "2009.06.12"]
[EventType "swiss"]
[EventRounds "9"]
[EventCountry "RUS"]
[SourceTitle "CBM 130 Extra"]
[Source "ChessBase"]
[SourceDate "2009.07.02"]
[SourceVersion "2"]
[SourceVersionDate "2009.07.15"]
[SourceQuality "1"]

1. d4 d5 2. c3 Nf6 3. Bf4 e6 4. e3 Be7 5. Nd2 c5 6. Bd3 Nc6 7. h3 Bd7 8. Ngf3 0-0 9. 0-0 Rc8 10. Ne5 Nxe5 11. dxe5 Ne8 12. Qc2 f5 13. exf6 Nxf6 14. Be5 Rf7 15. Nf3 c4 16. Be2 Ne4 17. Bd4 Rf8 18. Ne5 b5 19. Bxa7 Be8 20. Bd4 Bh4 21. f4 Bf6 22. Bf3 Ng3 23. Rfe1 Bxe5 24. Bxe5 Bg6 25. Qd1 Qb6 26. Kh2 Ne4 27. Re2 h6 28. h4 Qd8 29. g3 Rf7 30. Rg2 Nc5 31. Bh5 Bxh5 32. Qxh5 Nd3 33. Bd4 Qe8 34. Rd1 Rc6 35. e4 Rd6 36. exd5 Rxd5 37. Qe2 Rfd7 38. Rf1 Qf7 39. Rf3 b4 40. Re3 bxc3 41. Bxc3 R5d6 42. Re4 Rc6 43. Qe3 Ra6 44. a3 0-1

[Event "Voronezh op-A 13th"]
[Site "Voronezh"]
[Date "2009.06.13"]
[Round "2"]
[White "Potapov, Alexey"]
[Black "Khashimov, Vasily"]
[Result "1-0"]
[WhiteElo "2354"]
[BlackElo "2204"]
[PlyCount "28"]
[EventDate "2009.06.12"]
[EventType "swiss"]
[EventRounds "9"]
[EventCountry "RUS"]
[SourceTitle "CBM 130 Extra"]
[Source "ChessBase"]
[SourceDate "2009.07.02"]
[SourceVersion "2"]
[SourceVersionDate "2009.07.15"]
[SourceQuality "1"]

1. c4 e5 2. Nc3 b6 3. Nf3 d6 4. g3 Bb7 5. Bg2 Nd7 6. 0-0 c5 7. e3 Rc8 8. b3 Be7 9. Bb2 Ngf6 10. d4 Bxf3 11. Bxf3 0-0 12. Nb5 a6 13. Na7 Rc7 14. Nc6 e4 1-0

[Event "Lysenko Memorial op"]
[Site "Liski"]
[Date "2008.04.08"]
[Round "7"]
[White "Khashimov, Vasily"]
[Black "Lukovnikov, Alexander"]
[Result "1/2-1/2"]
[WhiteElo "2201"]
[BlackElo "2341"]
[PlyCount "46"]
[EventDate "2008.04.04"]
[EventType "swiss"]
[EventRounds "9"]
[EventCountry "RUS"]
[SourceTitle "EXT 2022"]
[Source "ChessBase"]
[SourceDate "2021.10.06"]
[SourceVersion "1"]
[SourceVersionDate "2021.10.06"]
[SourceQuality "1"]

1. d4 Nf6 2. c4 c5 3. d5 e6 4. Nc3 exd5 5. Nxd5 Nxd5 6. Qxd5 Nc6 7. Bd2 Be7 8. Bc3 0-0 9. e3 d6 10. Nf3 Be6 11. Qd2 d5 12. cxd5 Qxd5 13. Qxd5 Bxd5 14. a3 a6 15. Be2 b5 16. 0-0 Rfd8 17. Rfd1 Bb3 18. Rxd8+ Rxd8 19. Kf1 f5 20. Ne5 Nxe5 21. Bxe5 Kf7 22. Ke1 Bf6 23. Bc3 Ke6 1/2-1/2

[Event "Lysenko Memorial op"]
[Site "Liski"]
[Date "2008.04.07"]
[Round "5"]
[White "Khashimov, Vasily"]
[Black "Marchukov, Dmitry"]
[Result "1-0"]
[WhiteElo "2201"]
[BlackElo "2129"]
[PlyCount "95"]
[EventDate "2008.04.04"]
[EventType "swiss"]
[EventRounds "9"]
[EventCountry "RUS"]
[SourceTitle "EXT 2022"]
[Source "ChessBase"]
[SourceDate "2021.10.06"]
[SourceVersion "1"]
[SourceVersionDate "2021.10.06"]
[SourceQuality "1"]

1. d4 d5 2. c4 e6 3. Nc3 f5 4. cxd5 exd5 5. Nf3 Nf6 6. Bg5 c6 7. Bxf6 Qxf6 8. Ne5 Nd7 9. f4 Be7 10. e3 Nxe5 11. fxe5 Qh6 12. Qf3 Bg5 13. Nd1 0-0 14. g3 Bd7 15. h4 Be7 16. Nc3 Kh8 17. Bg2 Be8 18. Qf2 Bh5 19. Bf3 Bb4 20. a3 Be7 21. Ne2 Bxf3 22. Qxf3 a5 23. Nf4 Ra6 24. Qh5 Qxh5 25. Nxh5 Rb6 26. 0-0-0 Rb3 27. Rde1 a4 28. Nf4 b5 29. Re2 b4 30. axb4 Bxb4 31. Kc2 Rb8 32. Ra1 Bf8 33. Nd3 a3 34. bxa3 Bxa3 35. Ra2 g6 36. Rg2 Be7 37. Rg1 Kg7 38. Ra7 R3b7 39. Rga1 Kh6 40. Nf4 g5 41. hxg5+ Kxg5 42. R7a6 c5 43. dxc5 Kg4 44. c6 Rb5 45. Ne6 Rb4 46. c7 Rc4+ 47. Kd3 Rc8 48. Ra8 1-0

[Event "Lysenko Memorial op"]
[Site "Liski"]
[Date "2008.04.07"]
[Round "6"]
[White "Surov, Sergey"]
[Black "Khashimov, Vasily"]
[Result "1/2-1/2"]
[WhiteElo "2307"]
[BlackElo "2201"]
[PlyCount "43"]
[EventDate "2008.04.04"]
[EventType "swiss"]
[EventRounds "9"]
[EventCountry "RUS"]
[SourceTitle "EXT 2022"]
[Source "ChessBase"]
[SourceDate "2021.10.06"]
[SourceVersion "1"]
[SourceVersionDate "2021.10.06"]
[SourceQuality "1"]

1. e4 e5 2. Nf3 Nc6 3. d4 exd4 4. Bc4 d6 5. Nxd4 Nxd4 6. Qxd4 Ne7 7. Nc3 Nc6 8. Qe3 Be7 9. Bd2 0-0 10. 0-0-0 Ne5 11. Bb3 c6 12. f4 Nd7 13. g4 b5 14. g5 Nc5 15. f5 Re8 16. g6 Nxb3+ 17. cxb3 fxg6 18. fxg6 Bf6 19. gxh7+ Kh8 20. Qf3 Qe7 21. Bf4 b4 22. Nb1 1/2-1/2

[Event "Lysenko Memorial"]
[Site "Liski"]
[Date "2007.04.19"]
[Round "9"]
[White "Khashimov, Vasily"]
[Black "Skvortsov, Andrey"]
[Result "1/2-1/2"]
[WhiteElo "2185"]
[BlackElo "2217"]
[PlyCount "31"]
[EventDate "2007.04.11"]
[EventType "tourn"]
[EventRounds "9"]
[EventCountry "RUS"]
[SourceTitle "EXT 2010"]
[Source "ChessBase"]
[SourceDate "2010.11.25"]
[SourceVersion "1"]
[SourceVersionDate "2010.11.25"]
[SourceQuality "1"]

1. d4 d5 2. Nf3 e6 3. Bg5 Be7 4. Bxe7 Qxe7 5. c3 Nd7 6. e3 Ngf6 7. Bd3 e5 8. dxe5 Nxe5 9. Nxe5 Qxe5 10. Nd2 c6 11. Qf3 Bg4 12. Qg3 Qxg3 13. hxg3 0-0-0 14. f3 Bd7 15. g4 h6 16. Kf2 1/2-1/2

[Event "Lysenko Memorial"]
[Site "Liski"]
[Date "2007.04.18"]
[Round "8"]
[White "Grigorian, Vardan"]
[Black "Khashimov, Vasily"]
[Result "1/2-1/2"]
[WhiteElo "2278"]
[BlackElo "2185"]
[PlyCount "50"]
[EventDate "2007.04.11"]
[EventType "tourn"]
[EventRounds "9"]
[EventCountry "RUS"]
[SourceTitle "EXT 2010"]
[Source "ChessBase"]
[SourceDate "2010.11.25"]
[SourceVersion "1"]
[SourceVersionDate "2010.11.25"]
[SourceQuality "1"]

1. c4 f5 2. Nc3 Nf6 3. g3 e6 4. Bg2 c6 5. d4 d5 6. Qb3 Bd6 7. Nh3 0-0 8. Bf4 Be7 9. 0-0 Nh5 10. cxd5 cxd5 11. Bxb8 Rxb8 12. e3 Bd7 13. a4 Qa5 14. Rfc1 Nf6 15. Nf4 Qb4 16. Qxb4 Bxb4 17. Nd3 Bxc3 18. Rxc3 Rfc8 19. Nc5 Kf7 20. Rac1 Ke7 21. Bf1 Rc7 22. f3 Rbc8 23. Nxb7 Rxc3 24. bxc3 Bxa4 25. Ra1 Rc7 1/2-1/2

[Event "Lysenko Memorial"]
[Site "Liski"]
[Date "2007.04.13"]
[Round "3"]
[White "Khashimov, Vasily"]
[Black "Matveenko, Yury"]
[Result "1/2-1/2"]
[WhiteElo "2185"]
[BlackElo "2182"]
[PlyCount "66"]
[EventDate "2007.04.11"]
[EventType "tourn"]
[EventRounds "9"]
[EventCountry "RUS"]
[SourceTitle "EXT 2010"]
[Source "ChessBase"]
[SourceDate "2010.11.25"]
[SourceVersion "1"]
[SourceVersionDate "2010.11.25"]
[SourceQuality "1"]

1. e4 e5 2. Nf3 d6 3. Bc4 Nd7 4. d3 Be7 5. 0-0 Ngf6 6. Nc3 0-0 7. h3 c6 8. Re1 a5 9. a4 Nc5 10. d4 exd4 11. Nxd4 Re8 12. Nb3 Be6 13. Bxe6 Nxe6 14. f4 Qc7 15. Qf3 Rad8 16. Be3 d5 17. e5 Nd7 18. Bf2 Bb4 19. Red1 f6 20. exf6 Qxf4 21. Qxf4 Nxf4 22. fxg7 Kxg7 23. Bh4 Rc8 24. Nd4 Bxc3 25. bxc3 Ne2+ 26. Nxe2 Rxe2 27. Re1 Rce8 28. Kf1 R2e4 29. Bf2 Kf7 30. Rab1 b6 31. Bxb6 Rb8 32. Bxa5 Rxb1 33. Rxb1 Rxa4 1/2-1/2

[Event "Borisoglebsk Bocharov Memorial 7th"]
[Site "Borisoglebsk"]
[Date "2007.02.28"]
[Round "10"]
[White "Khashimov, Vasily"]
[Black "Marchukov, Dmitry"]
[Result "1-0"]
[WhiteElo "2188"]
[BlackElo "2128"]
[PlyCount "139"]
[EventDate "2007.02.24"]
[EventType "tourn"]
[EventRounds "11"]
[EventCountry "RUS"]
[SourceTitle "EXT 2010"]
[Source "ChessBase"]
[SourceDate "2010.11.25"]
[SourceVersion "1"]
[SourceVersionDate "2010.11.25"]
[SourceQuality "1"]

1. e4 Nc6 2. Nc3 g6 3. d4 Bg7 4. Nf3 d6 5. Bg5 Bg4 6. Bb5 a6 7. Bxc6+ bxc6 8. 0-0 Nf6 9. h3 Bd7 10. e5 Nd5 11. Ne4 h6 12. Bd2 0-0 13. c4 Nb6 14. Rc1 d5 15. cxd5 cxd5 16. Nc5 Nc4 17. Bc3 Qc8 18. b3 Na3 19. Bb2 Nb5 20. Re1 Rb8 21. Rc2 g5 22. a4 Na7 23. Nh2 Rb6 24. Rce2 Rg6 25. Nxd7 Qxd7 26. e6 Rxe6 27. Rxe6 fxe6 28. Qe2 Qd6 29. Qxe6+ Qxe6 30. Rxe6 Rb8 31. Rxa6 Rxb3 32. Rxa7 Rxb2 33. Nf3 Rb4 34. Rxc7 Rxa4 35. Rxe7 Bxd4 36. Nxd4 Rxd4 37. Kf1 Rf4 38. Rd7 Rf5 39. Ke2 Rf7 40. Rxd5 Kg7 41. Rd6 Ra7 42. Kf3 Ra4 43. g4 Ra2 44. Kg3 Ra3+ 45. f3 Rb3 46. Rd5 Kg6 47. Rd6+ Kg7 48. Rd1 Kg6 49. Rh1 h5 50. gxh5+ Kxh5 51. Re1 Rb4 52. Re4 Rb2 53. Re8 Rb4 54. Rh8+ Kg6 55. h4 gxh4+ 56. Rxh4 Rb3 57. Ra4 Rb6 58. Kg4 Kf6 59. f4 Rc6 60. Ra1 Rb6 61. Rh1 Rb4 62. Rh6+ Kg7 63. Ra6 Kf7 64. Kg5 Rb5+ 65. f5 Rb7 66. Rh6 Rb5 67. Rh7+ Kg8 68. Ra7 Rb8 69. Kg6 Rc8 70. f6 1-0

[Event "Borisoglebsk Bocharov Memorial 7th"]
[Site "Borisoglebsk"]
[Date "2007.02.27"]
[Round "7"]
[White "Korovin, Viktor"]
[Black "Khashimov, Vasily"]
[Result "0-1"]
[WhiteElo "2087"]
[BlackElo "2188"]
[PlyCount "110"]
[EventDate "2007.02.24"]
[EventType "tourn"]
[EventRounds "11"]
[EventCountry "RUS"]
[SourceTitle "EXT 2010"]
[Source "ChessBase"]
[SourceDate "2010.11.25"]
[SourceVersion "1"]
[SourceVersionDate "2010.11.25"]
[SourceQuality "1"]

1. c4 f5 2. d4 Nf6 3. Nc3 e6 4. Bg5 Be7 5. Bxf6 Bxf6 6. e4 fxe4 7. Nxe4 0-0 8. Nxf6+ Qxf6 9. Nf3 Nc6 10. Be2 e5 11. dxe5 Nxe5 12. Qd5+ Nf7 13. Qd4 Qe7 14. Rd1 d6 15. Rd2 b6 16. 0-0 Bb7 17. Bd1 Ng5 18. Nxg5 Qxg5 19. f4 Qa5 20. a3 Rae8 21. Bc2 Qh5 22. Rdf2 Re7 23. f5 Rf6 24. b4 Qg5 25. c5 Qe3 26. Qb2 dxc5 27. bxc5 Qxc5 28. Rd1 Bd5 29. Bb3 c6 30. Bxd5+ cxd5 31. g4 Re4 32. h3 h5 33. Qb3 hxg4 34. Qxd5+ Qxd5 35. Rxd5 gxh3 36. Rf3 Rh6 37. Rd2 Kf7 38. Kh2 Re7 39. a4 Rh5 40. a5 bxa5 41. Kg3 h2 42. Rxh2 Rxh2 43. Kxh2 Kf6 44. Kg3 Re4 45. Rc3 Kxf5 46. Rc5+ Re5 47. Rc7 g5 48. Rf7+ Ke4 49. Rxa7 Kd4 50. Kf3 Kc4 51. Rc7+ Kb4 52. Rb7+ Rb5 53. Re7 a4 54. Ke3 a3 55. Kd3 a2 0-1

[Event "Voronezh op-A"]
[Site "Voronezh"]
[Date "2006.06.14"]
[Round "3"]
[White "Khashimov, Vasily"]
[Black "Grishchenko, Vladimir"]
[Result "1-0"]
[WhiteElo "2232"]
[BlackElo "2120"]
[PlyCount "77"]
[EventDate "2006.06.12"]
[EventType "swiss"]
[EventRounds "9"]
[EventCountry "RUS"]
[SourceTitle "CBM 112 Extra"]
[Source "ChessBase"]
[SourceDate "2006.07.14"]
[SourceVersion "1"]
[SourceVersionDate "2006.07.14"]
[SourceQuality "1"]

1. Nc3 d5 2. e4 dxe4 3. Nxe4 Bf5 4. Ng3 Bg6 5. Bb5+ c6 6. Bc4 e6 7. Nf3 Bd6 8. d3 h6 9. 0-0 Ne7 10. Nh4 Bxg3 11. fxg3 0-0 12. Qe2 Bh7 13. Bd2 Nd5 14. Nf3 Nd7 15. Ne5 Nxe5 16. Qxe5 Qb6+ 17. Kh1 Rae8 18. b4 f6 19. Qe1 Kh8 20. a4 a6 21. a5 Qd8 22. Qf2 e5 23. Qc5 Re7 24. Rad1 Rd7 25. Rfe1 Re8 26. Bb3 e4 27. dxe4 Rxe4 28. Rxe4 Bxe4 29. Re1 f5 30. c4 Nf6 31. Bf4 Nh5 32. h3 Nf6 33. Kh2 Rd4 34. Re2 Bd3 35. Re7 Be4 36. Bc7 Rd2 37. Bxd8 Rxg2+ 38. Kh1 Re2+ 39. Kg1 1-0

[Event "Voronezh op-A"]
[Site "Voronezh"]
[Date "2006.06.13"]
[Round "2"]
[White "Provotorov, Ivan"]
[Black "Khashimov, Vasily"]
[Result "1-0"]
[WhiteElo "2333"]
[BlackElo "2232"]
[PlyCount "89"]
[EventDate "2006.06.12"]
[EventType "swiss"]
[EventRounds "9"]
[EventCountry "RUS"]
[SourceTitle "CBM 112 Extra"]
[Source "ChessBase"]
[SourceDate "2006.07.14"]
[SourceVersion "1"]
[SourceVersionDate "2006.07.14"]
[SourceQuality "1"]

1. c4 Nf6 2. Nc3 g6 3. e4 d6 4. d4 Bg7 5. h3 c5 6. d5 e5 7. Bg5 h6 8. Be3 Ng8 9. Bd3 Ne7 10. g4 g5 11. h4 gxh4 12. f3 Ng6 13. Nh3 Na6 14. a3 Bd7 15. Nb5 Bxb5 16. cxb5 Nc7 17. b4 b6 18. Rc1 Kf8 19. Qe2 Ne8 20. 0-0 Rc8 21. bxc5 dxc5 22. f4 Qd6 23. Qh2 Bf6 24. f5 Ne7 25. Qd2 Ng8 26. a4 Qd8 27. a5 Nd6 28. axb6 axb6 29. Ra1 c4 30. Bc2 c3 31. Qd3 Nc4 32. Bf2 Nd2 33. Rfd1 h5 34. gxh5 Be7 35. Ra6 Bc5 36. Bxc5+ Rxc5 37. Rda1 Nf6 38. Qe3 Rg8+ 39. Kh1 Rg3 40. Qh6+ Ke7 41. Ng5 Ng8 42. Ra7+ Rc7 43. Rxc7+ Qxc7 44. d6+ Qxd6 45. Ra7+ 1-0